000 00717cam a22002413a 4500
001 8530
003 PGUSA
005 20140828083201.0
008 050701s2005||||xxu|||||s|||||000 | eng d
040 _aPGUSA
_beng
042 _adc
050 4 _aPS
100 1 _aLathrop, George Parsons,
_d1851-1898
245 1 2 _aA Study of Hawthorne
_h[electronic resource] /
_cGeorge Parsons Lathrop
260 _bProject Gutenberg,
_c2005
506 _aPublic domain in the USA.
516 _aElectronic text
653 _aHawthorne, Nathaniel, 1804-1864
653 _aNovelists, American -- 19th century -- Biography
830 0 _aProject Gutenberg
_v8530
856 4 0 _uhttp://www.gutenberg.org/ebooks/8530
942 _cEB
999 _c237830
_d237830